000 00836nam a22002177a 4500
005 20230828123208.0
010 _aHIN-125679
020 _c250.00
_a9789392080197
035 _aHN-98025
037 _bDBAD/PUB
082 _a821
100 _aशुक्ल,पीयूष
_955397
245 _aअज्ञात चितवन /
_cशुक्ल,पीयूष
260 _bकिताब महल पब्लिशर्स
_c2022
_aनई दिल्ली
270 _a4655/21 अंसारी रोड ग्राउंड फ्लोर दरियागंज
_bनई दिल्ली
_e110002
300 _a146 पृ.
_c22 सेमी(अजिल्द )
650 _x
_z
_955398
650 _v
_955399
700 _955383
942 _2ddc
_cHN
_h821
_mशुक्लप
999 _c197584
_d197584